[Event "IX Open"]
[Site "Condino ITA"]
[Date "2009.07.30"]
[Round "5"]
[White "Ravazzolo, Gildo"]
[Black "Poletti, Fausto"]
[Result "0-1"]
[WhiteElo "1503"]
[BlackElo "1894"]
[PlyCount "132"]
[EventDate "2009.07.27"]

1. Nf3 Nf6 2. d4 g6 3. c4 Bg7 4. Nc3 d6 5. e4 O-O 6. Be2 Na6 7. O-O e5 8. d5
Ne8 9. Be3 f5 10. exf5 gxf5 11. Bg5 Nf6 12. Qd2 Qe8 13. Nh4 Kh8 14. g3 Qf7 15.
Ng2 Nc5 16. b4 Nce4 17. Nxe4 Nxe4 18. Qe3 Nxg5 19. Qxg5 Qf6 20. Qxf6 Bxf6 21.
Rac1 Rg8 22. Kh1 a5 23. b5 b6 24. a4 Bd7 25. Ne3 Raf8 26. Rg1 Bg5 27. Rce1 f4
28. gxf4 Rxf4 29. f3 Rh4 30. Bd3 Rd4 31. Bf1 Rd2 32. Rg2 Bxe3 33. Rxg8+ Kxg8
34. Rxe3 Kf7 35. Re2 Rd1 36. Kg2 Bf5 37. Ra2 Kf6 38. Kf2 Rc1 39. Be2 Rc2 40.
Ra3 Rc1 41. Ra2 Kg5 42. Ra3 Kf4 43. Kg2 h6 44. Bf1 Bh3+ 45. Kxh3 Rxf1 46. Kg2
Rc1 47. Kh3 Rxc4 48. Kh4 Rc2 49. h3 Rf2 50. Rc3 Rxf3 51. Rxc7 e4 52. Rc6 Ke5
53. Rxb6 Ra3 54. Rb8 Rxa4 55. b6 Rb4 56. b7 Kxd5 57. Ra8 Rxb7 58. Rxa5+ Kd4 59.
Ra4+ Ke5 60. Ra5+ d5 61. Ra6 e3 62. Kg3 Rf7 63. Ra2 Ke4 64. Ra4+ d4 65. Ra2
Rg7+ 66. Kh2 d3 0-1

[Event "IX Open"]
[Site "Condino ITA"]
[Date "2009.07.30"]
[Round "5"]
[White "Righi, Ezio"]
[Black "De Nisi, Roberta"]
[Result "1/2-1/2"]
[WhiteElo "2111"]
[BlackElo "1885"]
[PlyCount "39"]
[EventDate "2009.07.27"]

1. e4 e6 2. d4 d5 3. Nc3 Nf6 4. Bg5 Be7 5. Bxf6 Bxf6 6. Nf3 c5 7. exd5 exd5 8.
Bb5+ Nc6 9. Qe2+ Be6 10. O-O O-O 11. Bxc6 bxc6 12. dxc5 Qa5 13. Qd3 Qxc5 14.
Rad1 Qb4 15. Nd4 Bxd4 16. Qxd4 Qxd4 17. Rxd4 c5 18. Rd2 d4 19. Ne4 Rfc8 20. b3
1/2-1/2

[Event "IX Open"]
[Site "Condino ITA"]
[Date "2009.07.30"]
[Round "5"]
[White "Rossi, Giampiero"]
[Black "Marguerettaz, Davy"]
[Result "0-1"]
[WhiteElo "1934"]
[BlackElo "2048"]
[PlyCount "40"]
[EventDate "2009.07.27"]

1. d4 d5 2. c4 c6 3. cxd5 cxd5 4. Nc3 e5 5. e3 e4 6. Bb5+ Nc6 7. Nge2 Nf6 8.
Qb3 Bd6 9. Bd2 a6 10. Bxc6+ bxc6 11. Na4 O-O 12. Rc1 Ng4 13. h3 Qh4 14. g3 Qh5
15. Nf4 Bxf4 16. exf4 e3 17. Bxe3 Nxe3 18. fxe3 Qf3 19. Rg1 Re8 20. Rc3 Bxh3
0-1

[Event "IX Open"]
[Site "Condino ITA"]
[Date "2009.07.30"]
[Round "5"]
[White "Scharrer, Patrick"]
[Black "Hortensius, Lisa"]
[Result "1-0"]
[WhiteElo "2280"]
[BlackElo "2033"]
[PlyCount "77"]
[EventDate "2009.07.27"]

1. e4 e6 2. d3 d5 3. Nd2 c5 4. Ngf3 Nf6 5. g3 Be7 6. Bg2 O-O 7. O-O Nc6 8. Re1
Qc7 9. e5 Nd7 10. Qe2 b5 11. Nf1 Bb7 12. h4 Rac8 13. Bf4 Nb6 14. N1h2 Rfe8 15.
Ng5 h6 16. Nh3 c4 17. Qh5 Bf8 18. Ng4 Qe7 19. Bg5 g6 20. Nxh6+ Bxh6 21. Qxh6
Qf8 22. dxc4 Qxh6 23. Bxh6 Nxc4 24. h5 gxh5 25. Nf4 N4xe5 26. Nxh5 Nd7 27. c3
Ne7 28. Bg5 Nf5 29. Nf6+ Nxf6 30. Bxf6 a5 31. Bf3 Ng7 32. Re5 Nf5 33. Kg2 Kh7
34. Bh5 d4+ 35. f3 Rg8 36. Rh1 Nh6 37. Bxf7 Rgf8 38. Rxh6+ Kxh6 39. Rh5# 1-0

[Event "IX Open"]
[Site "Condino ITA"]
[Date "2009.07.30"]
[Round "5"]
[White "Stets, Dmitry"]
[Black "Bini, Massimo"]
[Result "1-0"]
[WhiteElo "2427"]
[BlackElo "2066"]
[PlyCount "41"]
[EventDate "2009.07.27"]

1. e4 e5 2. Nf3 Nf6 3. Nxe5 d6 4. Nf3 Nxe4 5. d4 d5 6. Bd3 Nc6 7. O-O Bg4 8. c4
Nf6 9. Nc3 Bxf3 10. Qxf3 Nxd4 11. Qh3 Ne6 12. Re1 Be7 13. Bf5 c6 14. cxd5 Nxd5
15. Bxe6 fxe6 16. Qxe6 Rf8 17. Nxd5 cxd5 18. Bg5 Rf7 19. Bxe7 Rxe7 20. Qg8+ Kd7
21. Qxd5+ 1-0

[Event "IX Open"]
[Site "Condino ITA"]
[Date "2009.07.30"]
[Round "5"]
[White "Trifoni, Giorgio"]
[Black "De Bellis, Aldo"]
[Result "1/2-1/2"]
[WhiteElo "1596"]
[BlackElo "1698"]
[PlyCount "119"]
[EventDate "2009.07.27"]

1. Nf3 e6 2. d4 d5 3. e3 Nf6 4. c4 c5 5. cxd5 exd5 6. Bb5+ Nc6 7. Ne5 Qc7 8.
Nc3 Bf5 9. O-O a6 10. Nxc6 bxc6 11. Ba4 Bd6 12. g3 O-O 13. dxc5 Bxc5 14. Ne2
Bh3 15. Re1 Bg4 16. Qc2 Qb6 17. a3 Rac8 18. b4 Be7 19. Bb2 c5 20. bxc5 Bxc5 21.
Qb3 Qxb3 22. Bxb3 Rb8 23. Bxf6 Rxb3 24. Bd4 Bxa3 25. Nc1 Bxc1 26. Rexc1 Be2 27.
Rc7 h6 28. Ra7 Rfb8 29. Kg2 R3b7 30. Ra5 Bb5 31. g4 Rxa7 32. Bxa7 Rc8 33. h4 g6
34. Kg3 Rc4 35. Ra2 Rc1 36. Kh2 Kf8 37. g5 hxg5 38. hxg5 Ke7 39. Bd4 Ke6 40.
Bf6 Kf5 41. f4 Ke4 42. Bd4 Kf3 43. Rb2 Rc4 44. Rd2 Ra4 45. Bb6 Bc4 46. Kg1 Ra1+
47. Kh2 Ra2 48. Rxa2 Bxa2 49. Kh3 a5 50. Kh4 Bb1 51. Bxa5 Kxe3 52. Kg3 Be4 53.
Bb6+ d4 54. Kg4 Kd3 55. Kg3 Kc4 56. Kf2 Bf5 57. Ke2 Bg4+ 58. Kd2 Kd5 59. Bc7
Ke4 60. Bd6 1/2-1/2

[Event "IX Open"]
[Site "Condino ITA"]
[Date "2009.07.30"]
[Round "5"]
[White "Volpinari, Danilo"]
[Black "Hamperl, Fred"]
[Result "1-0"]
[WhiteElo "2056"]
[BlackElo "2075"]
[PlyCount "89"]
[EventDate "2009.07.27"]

1. d4 Nf6 2. Nc3 d5 3. Bg5 Nbd7 4. Qd3 g6 5. f3 Bg7 6. e4 dxe4 7. fxe4 Nb6 8.
Nf3 O-O 9. O-O-O Be6 10. d5 Bg4 11. h3 Bxf3 12. gxf3 Nh5 13. Rg1 a6 14. Qd2 Qd6
15. Bh6 Be5 16. Bd3 c5 17. Rg4 c4 18. Bf1 f5 19. exf5 Rxf5 20. Ne4 Qc7 21. d6
exd6 22. f4 c3 23. Nxc3 Bxc3 24. Qxc3 Rc5 25. Qb3+ d5 26. f5 Rc8 27. Bd3 Nf6
28. Rb4 Nc4 29. fxg6 Na5 30. gxh7+ Kh8 31. Qa3 Ne4 32. Bxe4 dxe4 33. c3 Nc4 34.
Qb3 Qc6 35. Bf4 Qf6 36. Bd2 Nxd2 37. Kxd2 Qf4+ 38. Kc2 Qf2+ 39. Kb1 e3 40. Rg4
Qf5+ 41. Ka1 Kxh7 42. Rdg1 Qf6 43. Rh4+ Qxh4 44. Qf7+ Kh8 45. Qg7# 1-0

[Event "IX Open"]
[Site "Condino ITA"]
[Date "2009.07.30"]
[Round "5"]
[White "Zallocco, Marco"]
[Black "Ravazzolo, Gaia"]
[Result "0-1"]
[WhiteElo "1468"]
[BlackElo "1698"]
[PlyCount "106"]
[EventDate "2009.07.27"]

1. d4 d5 2. Bf4 Nf6 3. Nf3 c6 4. c3 Bf5 5. e3 Nbd7 6. Bd3 Bxd3 7. Qxd3 e6 8.
Nbd2 c5 9. O-O Be7 10. Ne5 O-O 11. Ndf3 Rc8 12. Rfe1 Nh5 13. Re2 Nxf4 14. exf4
Nf6 15. f5 c4 16. Qc2 exf5 17. Qxf5 Ne4 18. Nd2 Nf6 19. Rae1 Bd6 20. Ng4 Nxg4
21. Qxg4 Qc7 22. g3 Qc6 23. Nf3 Rce8 24. Ne5 Qc8 25. f4 f6 26. Qxc8 Rxc8 27.
Ng4 Kf7 28. Ne3 Rfe8 29. Nxd5 Rxe2 30. Rxe2 Re8 31. Rxe8 Kxe8 32. Kf2 Kd7 33.
Ne3 b5 34. Nf5 Bf8 35. h4 Ke6 36. Ne3 Kd6 37. a3 Ke6 38. Kf3 g6 39. Nc2 Bh6 40.
Ke4 g5 41. f5+ Kd6 42. h5 g4 43. Ne3 Bg5 44. Nxg4 Bc1 45. Nxf6 Ke7 46. Nxh7
Bxb2 47. Ke5 Bxc3 48. f6+ Kf7 49. Ng5+ Kf8 50. h6 Bd2 51. h7 Bxg5 52. h8=Q+ Kf7
53. Qh5+ 53... Kf8 $138 0-1

[Event "IX Open"]
[Site "Condino ITA"]
[Date "2009.07.30"]
[Round "5"]
[White "Zerba, Fabio"]
[Black "Weinberg, Emanuele"]
[Result "1-0"]
[WhiteElo "1482"]
[BlackElo "1883"]
[PlyCount "113"]
[EventDate "2009.07.27"]

1. d4 Nf6 2. c4 e6 3. Nc3 c5 4. Bg5 cxd4 5. Qxd4 Be7 6. Nf3 Nc6 7. Qd2 O-O 8.
e3 d6 9. O-O-O Qa5 10. Kb1 Rd8 11. a3 a6 12. Qc2 d5 13. Bd3 dxc4 14. Bxc4 b5
15. Rxd8+ Bxd8 16. Be2 Ra7 17. Na2 Qb6 18. Rd1 Rd7 19. Rxd7 Bxd7 20. Bd3 h6 21.
Bh4 Nd5 22. Bxd8 Qxd8 23. b4 Qf6 24. Be4 Ne5 25. Bxd5 exd5 26. Qc3 Bf5+ 27. Ka1
Nc4 28. Qxf6 gxf6 29. Nc3 Be6 30. a4 bxa4 31. Nxa4 Bd7 32. Nc3 Nb6 33. Kb2 Na4+
34. Nxa4 Bxa4 35. Kc3 Kf8 36. Kd4 Bb3 37. Nh4 h5 38. Nf5 Bc2 39. Ng3 h4 40. Nh5
Ke7 41. Kxd5 Bd3 42. Nf4 Bf1 43. g3 hxg3 44. fxg3 Kf8 45. Kc6 Bb5+ 46. Kb6 Bc4
47. e4 f5 48. exf5 Ke7 49. Kc5 Bf1 50. Nd5+ Kd7 51. Kb6 Kd6 52. Nc7 Ke5 53. f6
Kxf6 54. Nxa6 Kg5 55. b5 f5 56. Nc5 f4 57. Ne6+ 1-0

[Event "IX Open"]
[Site "Condino ITA"]
[Date "2009.07.31"]
[Round "6"]
[White "Barucco, Mattia"]
[Black "Menon, Michele"]
[Result "1-0"]
[WhiteElo "2006"]
[BlackElo "1741"]
[PlyCount "71"]
[EventDate "2009.07.27"]

1. e4 d6 2. d4 Nf6 3. Nc3 c6 4. f4 Qa5 5. Bd3 e5 6. Nf3 Bg4 7. Be3 Nbd7 8. Qd2
b5 9. O-O Bxf3 10. gxf3 b4 11. Ne2 c5 12. fxe5 dxe5 13. d5 Rc8 14. c4 Qc7 15.
Ng3 g6 16. Kh1 h5 17. Rae1 h4 18. Ne2 Be7 19. Rg1 Nh5 20. b3 Ndf6 21. f4 exf4
22. Bxf4 Nxf4 23. Nxf4 Qe5 24. Bb1 Bd6 25. Nd3 Qh5 26. e5 h3 27. exd6+ Kf8 28.
Qf4 Kg7 29. Rgf1 Qh4 30. Qxh4 Rxh4 31. Rf4 Rh6 32. Re7 g5 33. Rf1 g4 34. Ne5
Rf8 35. d7 g3 36. hxg3 1-0

[Event "IX Open"]
[Site "Condino ITA"]
[Date "2009.07.31"]
[Round "6"]
[White "Battiston, Claudio"]
[Black "Forno, Roberto"]
[Result "0-1"]
[WhiteElo "2001"]
[BlackElo "1946"]
[PlyCount "110"]
[EventDate "2009.07.27"]

1. e4 e5 2. d4 exd4 3. Qxd4 Nc6 4. Qe3 d6 5. Nc3 Be7 6. Bd2 Nf6 7. O-O-O O-O 8.
Bc4 Ne5 9. Bb3 c5 10. f4 c4 11. fxe5 Ng4 12. Qe2 cxb3 13. axb3 Nxe5 14. Nf3 Be6
15. Nd5 a5 16. Bf4 f6 17. Qb5 Rf7 18. Nd4 Bg4 19. Rd2 Bf8 20. h3 Bc8 21. Rf1 a4
22. Nb6 Ra6 23. Nxa4 Rc7 24. Bxe5 fxe5 25. Qd5+ Kh8 26. Ne6 Bxe6 27. Qxe6 Be7
28. Rdf2 Bf6 29. Nc3 d5 30. Qxd5 Rd7 31. Rxf6 gxf6 32. Qc4 Ra1+ 33. Nb1 Rd2 34.
Qb4 Rxg2 35. Qc3 b5 36. h4 h5 37. Qe3 Kh7 38. Re1 Qd6 39. Re2 Rxe2 40. Qxe2 Kg6
41. Qxb5 Qe7 42. b4 f5 43. Qc6+ Kf7 44. exf5 e4 45. Qg6+ Kf8 46. f6 Qf7 47.
Qh6+ Ke8 48. b3 Kd7 49. b5 Ke6 50. Qf4 Qg6 51. f7 Qg1+ 52. Kb2 Qxb1+ 53. Kc3
Qe1+ 54. Kb2 Ra8 55. f8=Q Qa1# 0-1

[Event "IX Open"]
[Site "Condino ITA"]
[Date "2009.07.31"]
[Round "6"]
[White "Beccaris, Gabriele"]
[Black "Pipitone, Antonio"]
[Result "1-0"]
[WhiteElo "2037"]
[BlackElo "2061"]
[PlyCount "87"]
[EventDate "2009.07.27"]

1. e4 c5 2. c3 Nf6 3. e5 Nd5 4. d4 cxd4 5. cxd4 Nc6 6. Nf3 d6 7. Be2 e6 8. O-O
Be7 9. Nbd2 Nf4 10. Bb5 dxe5 11. Nxe5 Qd5 12. Bxc6+ bxc6 13. Ndf3 Ng6 14. Be3
f6 15. Nd3 Ba6 16. Re1 e5 17. Nc5 Bxc5 18. dxc5 Ne7 19. Qa4 Bb5 20. Qg4 f5 21.
Qxg7 Rg8 22. Qxh7 Bd3 23. Bg5 Rxg5 24. Nxg5 e4 25. Rad1 Kd7 26. Qf7 Rg8 27. h4
Rg6 28. b4 Qxf7 29. Nxf7 Re6 30. f3 Nd5 31. Ng5 Rh6 32. fxe4 fxe4 33. Nxe4 Bc4
34. g3 Bxa2 35. Rd2 Bc4 36. Rc1 Bb5 37. Nc3 Bc4 38. Rd4 Bb3 39. Rb1 Bc2 40. Rb2
Bh7 41. Nxd5 cxd5 42. Rxd5+ Kc7 43. Ra2 a6 44. Rd6 1-0

[Event "IX Open"]
[Site "Condino ITA"]
[Date "2009.07.31"]
[Round "6"]
[White "Bini, Massimo"]
[Black "Zerba, Fabio"]
[Result "1-0"]
[WhiteElo "2066"]
[BlackElo "1482"]
[PlyCount "77"]
[EventDate "2009.07.27"]

1. d4 Nf6 2. Nf3 e6 3. Bf4 Bb4+ 4. c3 Be7 5. e3 b6 6. Nbd2 Bb7 7. Bd3 d6 8. Qe2
Nbd7 9. Rd1 c5 10. O-O Nh5 11. Rfe1 Nxf4 12. exf4 Nf6 13. f5 exf5 14. Bxf5 Bc8
15. Bc2 Bg4 16. dxc5 bxc5 17. Ne4 Nxe4 18. Qxe4 Bxf3 19. Qxf3 Rc8 20. Re2 Rc7
21. Ba4+ Kf8 22. Rde1 g6 23. Bb3 Qe8 24. h4 h5 25. Re6 Kg7 26. R6e3 Rf8 27. Qe2
Kf6 28. Qf3+ Kg7 29. Qe2 Kf6 30. g4 hxg4 31. Qxg4 Kg7 32. h5 Qd8 33. hxg6 fxg6
34. Re6 Rf6 35. Bc2 Qe8 36. Rxf6 Kxf6 37. Re6+ Kg7 38. Rxg6+ Kf7 39. Qf5+ 1-0

[Event "IX Open"]
[Site "Condino ITA"]
[Date "2009.07.31"]
[Round "6"]
[White "Bondoni, Bernardino"]
[Black "Carfagna, Alex"]
[Result "1/2-1/2"]
[WhiteElo "1560"]
[BlackElo "1560"]
[PlyCount "50"]
[EventDate "2009.07.27"]

1. d4 d5 2. c4 c6 3. e3 Nf6 4. Nf3 e6 5. Nc3 dxc4 6. Bxc4 b5 7. Be2 Bb7 8. a3
a6 9. O-O Nbd7 10. b4 Nd5 11. Nxd5 cxd5 12. Bb2 Nb6 13. Nd2 Na4 14. Rb1 Rc8 15.
Nb3 Nxb2 16. Rxb2 Rc3 17. Ra2 Rc7 18. Nc5 Qb8 19. Qb3 Bd6 20. g3 h5 21. h4 Bxg3
22. fxg3 Rxc5 23. bxc5 Qxg3+ 24. Kh1 Qh3+ 25. Kg1 Qg3+ 1/2-1/2

[Event "IX Open"]
[Site "Condino ITA"]
[Date "2009.07.31"]
[Round "6"]
[White "Bouanani, Denis"]
[Black "Pretto, Aldo"]
[Result "0-1"]
[WhiteElo "1533"]
[BlackElo "1533"]
[PlyCount "72"]
[EventDate "2009.07.27"]

1. d4 Nf6 2. c4 e5 3. dxe5 Ne4 4. Nf3 Bb4+ 5. Nbd2 Nc6 6. a3 Bxd2+ 7. Bxd2 Nxd2
8. Qxd2 Qe7 9. Qc3 O-O 10. e3 Re8 11. Be2 Nxe5 12. O-O d6 13. Nxe5 dxe5 14.
Rfd1 b6 15. Bf3 e4 16. Be2 Qg5 17. Rd5 Qg6 18. Rad1 Be6 19. R5d4 h5 20. Qc2 Bh3
21. Bf1 h4 22. Kh1 Bg4 23. R1d2 h3 24. g3 Qf6 25. Kg1 Qf5 26. Rd5 Qe6 27. Qc3
Qg6 28. Re5 Rad8 29. Rxe8+ Rxe8 30. Rd5 Kh7 31. Re5 Rd8 32. Re7 Rd1 33. Qc2 Bf3
34. Re5 c6 35. b3 Qg4 36. Re7 Bg2 0-1

[Event "IX Open"]
[Site "Condino ITA"]
[Date "2009.07.31"]
[Round "6"]
[White "Catalano, Luigi"]
[Black "Zallocco, Marco"]
[Result "1-0"]
[WhiteElo "1679"]
[BlackElo "1468"]
[PlyCount "65"]
[EventDate "2009.07.27"]

1. e4 d5 2. exd5 Qxd5 3. c4 Qd8 4. Nc3 Bf5 5. Nf3 Nf6 6. Be2 e6 7. O-O Bd6 8.
d4 O-O 9. c5 Be7 10. Bf4 Nh5 11. Be3 Nf6 12. Ne5 Nbd7 13. Nf3 c6 14. Nh4 Be4
15. Nf3 Bd5 16. Nxd5 Nxd5 17. a3 N7f6 18. Bd3 Nxe3 19. fxe3 Nd5 20. Qe2 Bg5 21.
Nxg5 Qxg5 22. Rf3 e5 23. Rg3 Qe7 24. Bxh7+ Kxh7 25. Qh5+ Kg8 26. Rh3 f6 27. Qg6
Qe8 28. Qh7+ Kf7 29. Rg3 Rg8 30. Rf1 Qf8 31. dxe5 Ke6 32. b4 Kxe5 33. Qf5# 1-0

[Event "IX Open"]
[Site "Condino ITA"]
[Date "2009.07.31"]
[Round "6"]
[White "Cesati Cassin, Giorgio"]
[Black "Forno, Diego"]
[Result "1/2-1/2"]
[WhiteElo "1425"]
[BlackElo "1527"]
[PlyCount "117"]
[EventDate "2009.07.27"]

1. e4 c5 2. Nc3 Nc6 3. g3 d6 4. Bg2 Nf6 5. Nge2 Bg4 6. f3 Bd7 7. O-O e6 8. d4
cxd4 9. Nxd4 Qb6 10. Be3 Qxb2 11. Qd2 Nxd4 12. Bxd4 Qa3 13. Rfb1 b6 14. Rb3 Qa6
15. Bf1 Qb7 16. Bg2 e5 17. Be3 Be7 18. a4 O-O 19. a5 Be6 20. Rb2 Rfb8 21. Rab1
Qc7 22. axb6 axb6 23. Rxb6 Rc8 24. Rb7 Qxc3 25. Rxe7 Qxd2 26. Bxd2 Rxc2 27. Bg5
h6 28. Bxf6 gxf6 29. h4 Kf8 30. Reb7 f5 31. Rb8+ Rxb8 32. Rxb8+ Kg7 33. h5 Rc8
34. Rb6 Rd8 35. Bh3 fxe4 36. Bxe6 fxe6 37. fxe4 Kf6 38. Kg2 Rd7 39. Rb1 d5 40.
Rf1+ Kg5 41. exd5 exd5 42. Rh1 e4 43. Kf2 d4 44. Ke2 Kg4 45. Rh4+ Kxg3 46. Rxe4
d3+ 47. Kd2 Kf3 48. Re3+ Kg4 49. Re5 Kf4 50. Rc5 Rg7 51. Kxd3 Rg2 52. Kc3 Rg5
53. Rc4+ Kf5 54. Rc5+ Kg4 55. Rxg5+ Kxg5 56. Kd3 Kxh5 57. Ke3 Kg4 58. Kf2 h5
59. Kg2 1/2-1/2

[Event "IX Open"]
[Site "Condino ITA"]
[Date "2009.07.31"]
[Round "6"]
[White "De Bellis, Aldo"]
[Black "Fragni, Enrico"]
[Result "0-1"]
[WhiteElo "1698"]
[BlackElo "1762"]
[PlyCount "100"]
[EventDate "2009.07.27"]

1. e4 c6 2. Nf3 d6 3. Bc4 d5 4. exd5 cxd5 5. Bb5+ Bd7 6. Bxd7+ Nxd7 7. d4 e6 8.
O-O Be7 9. c3 Ngf6 10. Bf4 Nh5 11. Be5 Nxe5 12. Nxe5 Nf6 13. Qa4+ Nd7 14. Nd2
a6 15. Nxd7 b5 16. Qd1 Qxd7 17. Nf3 O-O 18. a3 Rab8 19. Qe2 Rfc8 20. Rfe1 Bf6
21. Ne5 Bxe5 22. Qxe5 Rb6 23. Re2 a5 24. Rae1 b4 25. axb4 axb4 26. Re3 bxc3 27.
bxc3 Rb3 28. Qg3 Qc7 29. Qxc7 Rxc7 30. Rc1 Rc4 31. Ra1 g6 32. g3 Rbxc3 33. Rxc3
Rxc3 34. Rd1 Kg7 35. Rd2 g5 36. Kg2 g4 37. h3 h5 38. hxg4 hxg4 39. Kf1 Kf6 40.
Ke2 Kf5 41. Rd3 Rxd3 42. Kxd3 f6 43. Ke3 e5 44. Kd3 e4+ 45. Ke2 Kg5 46. Ke3 f5
47. Ke2 f4 48. Kd2 Kf5 49. Ke2 fxg3 50. fxg3 Ke6 0-1

[Event "IX Open"]
[Site "Condino ITA"]
[Date "2009.07.31"]
[Round "6"]
[White "De Nisi, Roberta"]
[Black "Ubezio, Marco"]
[Result "0-1"]
[WhiteElo "1885"]
[BlackElo "2144"]
[PlyCount "102"]
[EventDate "2009.07.27"]

1. d4 d5 2. c4 Nc6 3. Nc3 dxc4 4. d5 Ne5 5. e4 e6 6. Be3 exd5 7. Qxd5 Bd6 8.
O-O-O Nf6 9. Qd2 Nfg4 10. f4 Nxe3 11. Qxe3 Nd3+ 12. Bxd3 cxd3 13. Rxd3 O-O 14.
Nge2 Bg4 15. Rhd1 Bxe2 16. Nxe2 Qe7 17. e5 Bc5 18. Qh3 Rad8 19. Rd7 Rxd7 20.
Rxd7 Be3+ 21. Kb1 Qc5 22. e6 fxe6 23. Qxe6+ Kh8 24. Qe5 Qxe5 25. fxe5 Kg8 26.
Kc2 Re8 27. Rxc7 b5 28. Kd3 Rxe5 29. g4 Bb6 30. Rd7 Re3+ 31. Kd2 Rh3 32. Nd4
Rxh2+ 33. Kc3 Rh3+ 34. Kc2 Rh2+ 35. Kc3 b4+ 36. Kxb4 Rxb2+ 37. Kc4 Bxd4 38.
Rxd4 Rxa2 39. Kb3 Ra6 40. g5 Kf7 41. Kb4 Kg6 42. Rd7 Ra1 43. Rc7 Rb1+ 44. Ka5
Rg1 45. Ka6 Rxg5 46. Kxa7 Rb5 47. Ka6 Rb1 48. Rc5 h5 49. Rc6+ Kh7 50. Rc7 Kh6
51. Rc8 h4 0-1

[Event "IX Open"]
[Site "Condino ITA"]
[Date "2009.07.31"]
[Round "6"]
[White "De Polzer, Manfredi"]
[Black "Panjkovic, Stefan"]
[Result "0-1"]
[WhiteElo "1813"]
[BlackElo "1503"]
[PlyCount "116"]
[EventDate "2009.07.27"]

1. e4 d5 2. exd5 Qxd5 3. Nf3 Nf6 4. Nc3 Qa5 5. Bc4 c6 6. d4 Bg4 7. O-O e6 8.
Re1 Bb4 9. Bd2 O-O 10. a3 Bxc3 11. Bxc3 Qc7 12. Qd3 Bxf3 13. Qxf3 Nbd7 14. Bd2
Nb6 15. Ba2 Nbd5 16. b4 b5 17. Rac1 Qb6 18. Qd3 Rac8 19. c3 Rfe8 20. c4 bxc4
21. Rxc4 Qa6 22. Qb3 Nd7 23. Rec1 Ne7 24. Bb1 Qb5 25. Qh3 g6 26. Qf3 Qd5 27.
Be4 Qb5 28. Rc5 Nxc5 29. dxc5 f5 30. Bd3 Qb7 31. Bc3 Nd5 32. Be5 Rcd8 33. Bc4
Re7 34. h4 Rf7 35. g3 Qa8 36. Qe2 Rfd7 37. Bb2 Kf7 38. Qe5 Rg8 39. Re1 Re7 40.
Bc1 Qb8 41. Qb2 Rb7 42. Bg5 Re8 43. Bxd5 cxd5 44. Qf6+ Kg8 45. Rxe6 Rf7 46. Qe5
Qxe5 47. Rd6 Qxd6 48. cxd6 Rd7 49. Be7 Rc8 50. Kf1 Rc6 51. Ke2 Rdxd6 52. Bxd6
Rxd6 53. Kd3 d4 54. b5 Kf7 55. a4 Ke6 56. a5 Kd7 57. b6 axb6 58. axb6 Kc6 0-1

[Event "IX Open"]
[Site "Condino ITA"]
[Date "2009.07.31"]
[Round "6"]
[White "De Santis, Alessio"]
[Black "Dittmar, Peter"]
[Result "1/2-1/2"]
[WhiteElo "2293"]
[BlackElo "2357"]
[PlyCount "24"]
[EventDate "2009.07.27"]

1. f4 d5 2. Nf3 g6 3. g3 c6 4. Bg2 Qb6 5. a4 a5 6. e3 Bg7 7. Nc3 Nh6 8. O-O Nf5
9. Ra3 Nd7 10. Rb3 Qa7 11. d4 Nf6 12. Ne5 h5 1/2-1/2

[Event "IX Open"]
[Site "Condino ITA"]
[Date "2009.07.31"]
[Round "6"]
[White "Della Rocca, Giorgio"]
[Black "Rossi, Giampiero"]
[Result "1/2-1/2"]
[WhiteElo "1910"]
[BlackElo "1934"]
[PlyCount "150"]
[EventDate "2009.07.27"]

1. c4 e6 2. Nc3 d5 3. Nf3 c6 4. d4 Nf6 5. Bg5 Nbd7 6. e3 Qa5 7. Nd2 Bb4 8. Qc2
O-O 9. Nb3 Bxc3+ 10. bxc3 Qa4 11. cxd5 cxd5 12. Bd3 b6 13. Qe2 Qc6 14. Rc1 Bb7
15. Bb5 Qd6 16. Bf4 Qe7 17. O-O Rfc8 18. Rc2 Ne4 19. Ba6 Bxa6 20. Qxa6 g5 21.
Bg3 Nxg3 22. hxg3 Rc7 23. Rfc1 Rac8 24. Qd3 Nf6 25. Nd2 Qa3 26. f3 Qd6 27. Kf2
Nh5 28. Nf1 f5 29. c4 dxc4 30. Rxc4 Nf6 31. Nd2 Nh5 32. Nf1 Rxc4 33. Rxc4 Rxc4
34. Qxc4 Nf6 35. Qc8+ Kf7 36. Qb7+ Qd7 37. Qxd7+ Nxd7 38. Nd2 Kf6 39. e4 Nb8
40. Ke3 Nc6 41. d5 Na5 42. f4 exd5 43. exd5 gxf4+ 44. gxf4 Ke7 45. Kd4 Kf6 46.
Nf3 Nb7 47. Ne5 Nd6 48. a4 a6 49. Nd7+ Ke7 50. Nxb6 h5 51. Ke5 a5 52. Kd4 Nb7
53. Nc4 Kf6 54. g3 Ke7 55. Ke5 Nc5 56. Kxf5 Nxa4 57. Nxa5 Nc3 58. Kg5 Ne4+ 59.
Kxh5 Nxg3+ 60. Kg4 Ne4 61. Kf5 Nd6+ 62. Ke5 Nf7+ 63. Kd4 Kf6 64. Ke4 Nd6+ 65.
Ke3 Kf5 66. Nc6 Nc4+ 67. Kd4 Nb6 68. Nb4 Kxf4 69. d6 Kf5 70. Kc5 Nd7+ 71. Kc6
Ne5+ 72. Kc7 Nf7 73. d7 Ke6 74. Nc6 Kd5 75. Nd8 Ne5 1/2-1/2

[Event "IX Open"]
[Site "Condino ITA"]
[Date "2009.07.31"]
[Round "6"]
[White "Facchetti, Lorenzo"]
[Black "Buglisi, Massimo"]
[Result "1-0"]
[WhiteElo "1807"]
[BlackElo "1938"]
[PlyCount "64"]
[EventDate "2009.07.27"]

1. d4 Nf6 2. c4 g6 3. Nc3 Bg7 4. e4 d6 5. Be2 O-O 6. Nf3 e5 7. dxe5 dxe5 8.
Qxd8 Rxd8 9. Bg5 Re8 10. Nd5 Nxd5 11. cxd5 c6 12. Bc4 cxd5 13. Bxd5 Nd7 14. Rc1
h6 15. Be3 Nf6 16. Bb3 Nxe4 17. Rc7 Be6 18. Bxe6 Rxe6 19. Rxb7 Rc6 20. O-O Nd6
21. Rxa7 Rxa7 22. Bxa7 Rc2 23. Bb8 Nc4 24. b3 Nd2 25. Nxd2 Rxd2 26. a3 e4 27.
Ba7 Rb2 28. b4 Ra2 29. Bc5 Rxa3 30. Rb1 Be5 31. g3 f5 32. b5 Kf7 1-0

[Event "IX Open"]
[Site "Condino ITA"]
[Date "2009.07.31"]
[Round "6"]
[White "Frugoni, Giulio"]
[Black "Monticone, Sonia"]
[Result "1/2-1/2"]
[WhiteElo "1753"]
[BlackElo "1805"]
[PlyCount "41"]
[EventDate "2009.07.27"]

1. Nf3 Nf6 2. d4 d5 3. Bf4 e6 4. e3 Bd6 5. Ne5 c6 6. c4 Qa5+ 7. Nc3 Bb4 8. Qc2
Ne4 9. Rc1 Qxa2 10. cxd5 exd5 11. Be2 Bf5 12. Bd3 f6 13. O-O Bxc3 14. Bxe4 Bxe4
15. Qxc3 fxe5 16. Bxe5 O-O 17. Qb4 Qa6 18. Ra1 Qb5 19. Qe7 Rf7 20. Qe8+ Rf8 21.
Qe7 1/2-1/2

[Event "IX Open"]
[Site "Condino ITA"]
[Date "2009.07.31"]
[Round "6"]
[White "Hamperl, Fred"]
[Black "Gastaldello, Lorenzo"]
[Result "1-0"]
[WhiteElo "2075"]
[BlackElo "1620"]
[PlyCount "95"]
[EventDate "2009.07.27"]

1. e4 c6 2. Nc3 d5 3. Qf3 dxe4 4. Nxe4 Nd7 5. Ne2 Ngf6 6. N2g3 e6 7. d4 Nxe4 8.
Nxe4 Nf6 9. Nxf6+ Qxf6 10. Qxf6 gxf6 11. Bf4 h5 12. h4 Bd7 13. Bc4 O-O-O 14.
O-O-O Bh6 15. Bxh6 Rxh6 16. Rhe1 Kc7 17. Rd3 Bc8 18. c3 Rg6 19. g3 Rg4 20. Bb3
Rgg8 21. Rf3 f5 22. Re5 b6 23. Bd1 Rd5 24. Rd3 Ba6 25. Rd2 Rxe5 26. dxe5 Rh8
27. Rd6 Bf1 28. Bf3 c5 29. Kd2 Bh3 30. Ke3 Bg4 31. Bg2 f4+ 32. Kxf4 Rg8 33. Rd2
Bf5 34. Bf3 Bg4 35. Be4 Bh3 36. f3 Rd8 37. Rxd8 Kxd8 38. Kg5 Ke7 39. Kxh5 f5
40. exf6+ Kxf6 41. g4 a6 42. g5+ Kg7 43. g6 b5 44. Kg5 a5 45. h5 b4 46. h6+ Kg8
47. g7 a4 48. Kg6 1-0

[Event "IX Open"]
[Site "Condino ITA"]
[Date "2009.07.31"]
[Round "6"]
[White "Hortensius, Kees"]
[Black "Marangoni, Simone"]
[Result "0-1"]
[WhiteElo "1658"]
[BlackElo "1703"]
[PlyCount "76"]
[EventDate "2009.07.27"]

1. e4 d6 2. d4 Nf6 3. Nc3 g6 4. Bc4 Bg7 5. Nf3 O-O 6. Bb3 c6 7. a4 a5 8. O-O
Na6 9. Bg5 Qc7 10. Re1 e6 11. Qd2 d5 12. e5 Ne8 13. Bh6 Qe7 14. Ne2 Nac7 15. c3
f5 16. exf6 Nxf6 17. Ng3 Ng4 18. Bxg7 Kxg7 19. h3 Nh6 20. Bc2 Nf5 21. Bxf5 gxf5
22. Ne5 h6 23. Nh5+ Kh7 24. Nf4 Rg8 25. Re3 Ne8 26. Rg3 Rxg3 27. fxg3 Nf6 28.
Qe2 Qg7 29. Nfg6 b6 30. Nf4 Qxg3 31. Neg6 Ne4 32. Rf1 Ba6 33. Qh5 Qe3+ 34. Kh2
Qg3+ 35. Kg1 Bxf1 36. Ne7 Qe3+ 37. Kh2 Qxf4+ 38. Kg1 Qf2+ 0-1

[Event "IX Open"]
[Site "Condino ITA"]
[Date "2009.07.31"]
[Round "6"]
[White "Hortensius, Lisa"]
[Black "Bonugli, Carlo"]
[Result "1/2-1/2"]
[WhiteElo "2033"]
[BlackElo "2003"]
[PlyCount "56"]
[EventDate "2009.07.27"]

1. e4 e6 2. d4 d5 3. e5 c5 4. c3 Nc6 5. Nf3 Bd7 6. a3 c4 7. Nbd2 Na5 8. g3 Bc6
9. Bg2 Qd7 10. O-O Ba4 11. Qe2 Ne7 12. Ne1 Nf5 13. f4 O-O-O 14. Bh3 h5 15. Ndf3
Nc6 16. Ng5 Re8 17. Ng2 g6 18. Ne3 Kb8 19. Bg2 Bg7 20. Re1 Bh6 21. Nxf5 gxf5
22. h4 Bxg5 23. fxg5 Rh7 24. Bf3 Reh8 25. Bf4 Ne7 26. Rab1 Bb3 27. Qd2 Qa4 28.
Rbc1 Qc6 1/2-1/2